Les 50... Rappeurs Américains - Statistiques

Statistiques générales
  • Ce quiz a été pris 965 fois
  • Le résultat moyen est 19 sur 50
Statistiques - réponses
Par images Réponse % Correct
Tupac
97%
Eminem
95%
Snoop Dogg
79%
Jay-Z
76%
50 Cent
74%
Kanye West
74%
Ice Cube
73%
Mac Miller
68%
Lil' Wayne
67%
Notorious BIG
67%
Kendrick Lamar
64%
XXX Tentation
62%
Pop smoke
61%
J Cole
57%
Dr Dre
54%
Future
52%
Offset
44%
A$ap Rocky
42%
Will I Am
42%
Wiz Khalifa
42%
Rick Ross
40%
Kid Cudi
37%
Nas
37%
Young Thug
37%
Diddy
36%
Roddy Rich
36%
Andre 3000
35%
Eazy-E
34%
Ludacris
27%
The Game
27%
Coolio
25%
Fat Joe
22%
Nipsey Hussle
22%
DMX
20%
Gucci Mane
19%
T-I
18%
X-Zibit
18%
Busta Rhymes
15%
Nelly
11%
2 Chainz
10%
Common
8%
Method Man
8%
Killer Mike
7%
Redman
7%
Big Boi
4%
E-40
4%
Tech N9ne
3%
Twista
3%
Hopsin
2%
Too $hort
2%
Aucun quiz correspondant
Distribution des résultats
% des personnes avec chaque résultat
Percentile par nombre de réponses
Votre historique - résultats
Vous n’avez pas pris ce quiz